Zoshling encounters (Record no. 323)

MARC details
000 -LEADER
fixed length control field 00879nam a22002537a 4500
001 - CONTROL NUMBER
control field 323
003 - CONTROL NUMBER IDENTIFIER
control field FISKH
005 - DATE AND TIME OF LATEST TRANSACTION
control field 20230321131148.0
008 - FIXED-LENGTH DATA ELEMENTS--GENERAL INFORMATION
fixed length control field 230321b cb ||||| |||| 00| 0 eng d
020 ## - INTERNATIONAL STANDARD BOOK NUMBER
International Standard Book Number 9781409392217
040 ## - CATALOGING SOURCE
Original cataloging agency FISKH
Language of cataloging eng
Transcribing agency FISKH
Modifying agency FISKH
050 ## - LIBRARY OF CONGRESS CALL NUMBER
Classification number PZ7
082 ## - DEWEY DECIMAL CLASSIFICATION NUMBER
Classification number 823.92
100 ## - MAIN ENTRY--PERSONAL NAME
Personal name Behrent, Sue
245 ## - TITLE STATEMENT
Title Zoshling encounters
Remainder of title Music Island Missions
Statement of responsibility, etc. T Shrewman
260 ## - PUBLICATION, DISTRIBUTION, ETC.
Place of publication, distribution, etc. London
Name of publisher, distributor, etc. Puffin
Date of publication, distribution, etc. 2013
300 ## - PHYSICAL DESCRIPTION
Extent 142 p.
Dimensions 20 cm.
490 ## - SERIES STATEMENT
Series statement Music Island Missions
Volume/sequential designation v. 1
505 ## - FORMATTED CONTENTS NOTE
Formatted contents note K
520 ## - SUMMARY, ETC.
Summary, etc. Elder Furi has disappeared, a strange new star appears to be growing in the sky above Monstro City and an unidentified flying object has crash-landed on Music Island. It's time for the Super Moshis to investigate in this brand new Moshi Monsters fiction series!
521 8# - TARGET AUDIENCE NOTE
Target audience note 600 <br/>
Source Lexile
521 8# - TARGET AUDIENCE NOTE
Target audience note K <br/>
Source Raz-Plus
942 ## - ADDED ENTRY ELEMENTS (KOHA)
Source of classification or shelving scheme Dewey Decimal Classification
Koha item type Books
Suppress in OPAC No
Holdings
Withdrawn status Lost status Source of classification or shelving scheme Damaged status Not for loan Collection Home library Current library Shelving location Date acquired Total Checkouts Full call number Barcode Date last seen Date last checked out Price effective from Koha item type
    Dewey Decimal Classification     Juvenile Fiction Footprints International School Library Network Toul Kork Campus Footprints International School Library Network Toul Kork Campus   03/21/2023 2 BEH 823.92 PZ7 2023-0057 12/19/2025 10/31/2025 03/21/2023 Books